Seabiscuit : an American legend

Bibliographic Details
Main Author: Hillenbrand, Laura
Format: Book
Published: London : The Random House Publishing Group , 2002
Subjects:

MARC

LEADER 00000cam a2200000 7i4500
001 0000008562
005 20091224.0
008 070918
020 |a 0345465083 
090 0 0 |a 798.40092   |b HIL 
100 1 |a Hillenbrand, Laura 
245 1 0 |a Seabiscuit :   |b an American legend   |c Laura Hillenbrand 
260 |a London :   |b The Random House Publishing Group ,   |c 2002 
650 0 |a Novel 
999 |a 0000994049   |b Book   |c Adult Collection   |e Cawangan Kota Tinggi 
999 |a 0000994050   |b Book   |c Adult Collection   |e Perbadanan Perpustakaan Awam Johor